| 000 | 00536nam a2200193 4500 | ||
|---|---|---|---|
| 001 | 112184 | ||
| 003 | ES-MaACL | ||
| 005 | 20230906185450.0 | ||
| 007 | t| | ||
| 008 | 061121s1972 sp r ||||1| spa d | ||
| 100 | 1 |
_aMuñoz Alonso, Adolfo. _984346 |
|
| 245 | 1 | 0 |
_aDios, ateismo y fé / _cAdolfo Muñoz Alonso. |
| 260 |
_aSalamanca : _bSígueme, _c1972. |
||
| 300 |
_a205 p. ; _c21 cm. |
||
| 490 | 1 |
_aNueva alianza ; _v44 |
|
| 830 | 0 |
_aNueva alianza ; _v44 _9181320 |
|
| 852 |
_aES-MaACL _jC-43142 _bR.81597 |
||
| 999 |
_c112184 _d112184 |
||